Sports Quiz

Random Sports or Olympics Quiz

2012 Team USA (Basketball) Quiz Stats

Quiz Updated Aug 28, 2012

Challenge
Share
Tweet
Embed
Score 0/13 Timer 02:00
2 Plays Today
Position Player % Correct
ForwardLeBron James
98.4%
GuardKobe Bryant
87.3%
ForwardKevin Durant
83.6%
ForwardCarmelo Anthony
79.2%
GuardChris Paul
78.9%
GuardRussell Westbrook
72.9%
ForwardAnthony Davis
65.9%
CenterTyson Chandler
65.5%
ForwardKevin Love
62.3%
GuardDeron Williams
60.9%
GuardJames Harden
59.4%
CoachMike Krzyzewski
57.6%
Guard/ForwardAndre Iguodala
38.7%

You're not logged in!

Compare scores with friends on all Sporcle quizzes.
Sign Up with Email
OR
Log In

You Might Also Like...

Show Comments

Extras

Top Quizzes Today


Score Distribution

Your Account Isn't Verified!

In order to create a playlist on Sporcle, you need to verify the email address you used during registration. Go to your Sporcle Settings to finish the process.